Statistiques concernant Pays membres de l'ASEAN

Cliquez ici pour prendre le quiz!

Statistiques générales

  • Ce quiz a été pris 177 fois
  • Le résultat moyen est 10 sur 11

Statistiques - réponses

AnnéesPays% Correct
1967Indonésie
98%
1995Viêt Nam
97%
1997Laos
94%
1967Thailande
93%
1999Cambodge
90%
1967Malaisie
90%
1967Philippines
90%
1967Singapour
90%
1997Myanmar
89%
1984Brunei
81%
Possibilité
d'adhesion
Timor
oriental
71%

Distribution des résultats

Percentile par nombre de réponses

% des personnes avec chaque résultat

Votre développement - résultats

Vous n’avez pas pris ce quiz